Sports Quiz

Random Sports or Soccer Quiz
Score 0/36 Timer 12:00
0 Plays Today
Finaliste de la Coupe du monde en... Joueur % Correct
2006 (Italie)Gianluigi Buffon
77.5%
2018 (Croatie)Danijel Subasic
62.8%
1986/1990 (Allemagne de l'Ouest)Rudi Völler
54.9%
2010 (Espagne)Cesc Fabregas
52.5%
2002 (Brésil)Ronaldinho
50.2%
1974/1978 (Pays-Bas)Johnny Rep
49.6%
2006 (Italie)Fabio Grosso
44.8%
2018 (Croatie)Dejan Lovren
41.5%
1986/1990 (Argentine)Jorge Burruchaga
35.4%
1990 (Allemagne de l'Ouest)Jürgen Klinsmann
34.5%
2014 (Argentine)Ezequiel Lavezzi
34.3%
2002 (Brésil)Edmilson
33.7%
2018 (Croatie)Ivan Perisic
31.8%
1998 (Brésil)Leonardo
28.5%
2002 (Allemagne)Oliver Bierhoff
20.7%
1970 (Brésil)Jairzinho
20.4%
1986 (Allemagne de l'Ouest)Klaus Allofs
20.1%
1982/1986 (Allemagne de l'Ouest)Karl-Heinz Förster
19.5%
Finaliste de la Coupe du monde en... Joueur % Correct
2002 (Brésil)Denilson
17.8%
1982/1990 (Allemagne de l'Ouest)Pierre Littbarski
14.5%
1974/1978 (Pays-Bas)Ruud Krol
11.5%
2010 (Pays-Bas)Gregory Van der Wiel
9.1%
2014 (Argentine)Sergio Romero
9.1%
1978 (Argentine)Osvaldo Ardiles
8.7%
2010 (Pays-Bas)Maarten Stekelenburg
8.7%
1986 (Argentine)José Luis Brown
8.1%
1978 (Argentine)Alberto Tarantini
6.3%
1990 (Argentine)Gabriel Calderon
6.3%
1994 (Brésil)Marcio Santos
6.1%
1990 (Argentine)Juan Simon
5.2%
1974 (Pays-Bas)Wim Suurbier
5.1%
1974/1978 (Pays-Bas)Robert Rensenbrink
4%
1986 (Argentine)Julio Olarticoechea
3%
1990 (Argentine)Sergio Goycochea
2.1%
1986 (Argentine)José Luis Cuciuffo
1.2%
1974 (Pays-Bas)Wim Rijsbergen
0.9%
Remove Ads.
Support Sporcle.
Get the best of Sporcle when you Go Orange. This ad-free experience offers more features, more stats, and more fun while also helping to support Sporcle. Thank you for becoming a member.

You're not logged in!

Compare scores with friends on all Sporcle quizzes.
OR
Log In

Sporcle TV

Today on Sporcle TV


Watch our educational content, quiz creation guides, and fun videos on Sporcle TV.

Show Comments

Extras

Created May 12, 2020ReportNominate
Tags:Soccer Quiz

Top Quizzes Today


Score Distribution

Paid Content

Your Account Isn't Verified!

In order to create a playlist on Sporcle, you need to verify the email address you used during registration. Go to your Sporcle Settings to finish the process.

Report this User

Report this user for behavior that violates our Community Guidelines.

Details: